000 00810nam a2200229 i 4500
001 36653
003 ES-MaACL
005 20250927104936.0
007 t|
008 030218s1959 sp ||||1| spa d
100 1 _aBuck, Jean Marie de.
_932315
245 1 0 _aEducadores a la deriva /
_cAngel del Hogar [seud.] por J. M. de Buck ; traducción de Rafael Goenaga.
260 _a[Bilbao] :
_bDesclée de Brouwer,
_c1959 (
_fGráficas Bilbao)
300 _a178 p. ;
_c19 cm.
490 1 _aColección "Educación y Familia"
650 4 _aEducadores.
_9165186
700 1 _aGoenaga, Rafael.
_957562
700 1 _aDufoyer, Pierre,
_d1898-1959
_9171461
830 0 0 _aColección educación y familia (Desclée de Brouwer)
_9182029
852 _aES-MaACL
_jC-18026
_bR.45481
999 _c36653
_d36653